Polyfunkčný obytný komplex, Bratislava-Slovany

Guardado en:
Detalles Bibliográficos
Autor principal: Kubíková, Ivana, 1989- (Autor)
Otros Autores: Mikušková, Dagmar, 1972- (Orientador)
Formato: Manuscrito Libro
Lenguaje:eslovaco
Publicado: Bratislava 2015
Materias:
Acceso en línea:http://is.stuba.sk/zp/portal_zp.pl?podrobnosti=112103
Etiquetas: Agregar Etiqueta
Sin Etiquetas, Sea el primero en etiquetar este registro!

MARC

LEADER 00000ntm a22000003a 4500
001 stuzp51923
003 SK-STU
005 20210308111423.4
007 ta
008 150427s2015----xo-----f-mn---000-0-slo-d
040 |a STU  |b slo 
041 0 |a slo 
100 1 |a Kubíková, Ivana,  |d 1989-  |u 051110  |4 aut  |U FAD Fakulta architektúry a dizajnu  |U FAD Fakulta architektúry  |T FA Ústav architektúry obytných budov  |X 67998  |U A1110  |Y 392  |7 A000067998 
242 0 1 |a Multi-functional residential komplex, Bratislava- Slovany  |y eng 
245 1 0 |a Polyfunkčný obytný komplex, Bratislava-Slovany 
260 |c 2015  |a Bratislava 
650 4 |a Polyfunkcia  |2 slo 
650 4 |a Vnútroblok  |2 slo 
650 4 |a Bytový komplex  |2 slo 
650 4 |a inner block  |2 eng 
650 4 |a polyfunctionality  |2 eng 
650 4 |a residential complex  |2 eng 
700 1 |a Mikušková, Dagmar,  |d 1972-  |4 ths  |X 469  |7 A000000469 
856 4 |u http://is.stuba.sk/zp/portal_zp.pl?podrobnosti=112103  |u https://opac.crzp.sk/?fn=detailBiblioForm&sid=D6D76FDBEB5D0472D770C8D57304 
SQL |a stuzp51923  |b DDP  |c SLO  |d Polyfunkčný obytný komplex, Bratislava-Slovany  |e 67998  |f Kubíková, Ivana  |g 051110  |h 469  |i Mikušková, Dagmar  |j 20150604  |k 153  |l 05  |m http://is.stuba.sk/zp/portal_zp.pl?podrobnosti=112103  |n I-ARCH  |o 5.1.1. architektúra a urbanizmus